000 00717nam a2200205Ii 4500
003 JO-AjNU
008 230605s9999||||xx |||||||||||||| ||und||
040 _aJO-AjNU
_bara
_erda
_cJO-AjNU
041 _aara
050 1 4 _aBP155.M36.2004
100 3 _aالمقدسي، عبد الرحمن بن إبراهيم بن أحمد,
_eauthor
_930206
245 0 0 _aالعده شرح العمده : في فقه امام السنه احمد ابن حنبل الشيباني
250 _aط2
264 3 1 _aعمان: دار الفكر، 2004
300 _a464ص
336 _atext
_btxt
_2rdacontent
337 _aunmediated
_bn
_2rdamedia
338 _avolume
_bnc
_2rdacarrier
650 4 _aالفقه الحنبلي 
_930207
999 _aA11947
_c15515
_d15515